Encyclopedia of forest sciences

שמור ב:
מידע ביבליוגרפי
פורמט: ספר
שפה:Undetermined
יצא לאור: London Elsevier Academic Press 2004
נושאים:
תגים: הוספת תג
אין תגיות, היה/י הראשונ/ה לתייג את הרשומה!
Thư viện lưu trữ: Trung tâm Học liệu Trường Đại học Cần Thơ
LEADER 00494nam a2200169Ia 4500
001 CTU_94603
008 210402s9999 xx 000 0 und d
082 |a 634.903 
082 |b E56/Vol.4 
245 0 |a Encyclopedia of forest sciences 
245 0 |c Jeffery Burley, Julian Evans, John A. Youngquist 
260 |a London 
260 |b Elsevier Academic Press 
260 |c 2004 
650 |a Forests and forestry 
904 |i Tuyến 
980 |a Trung tâm Học liệu Trường Đại học Cần Thơ